Passive components for circuit design / (Record no. 1903)
[ view plain ]
| 000 -LEADER | |
|---|---|
| fixed length control field | 00890nac a22002171u 4500 |
| 010 ## - LIBRARY OF CONGRESS CONTROL NUMBER | |
| LC control number | 2005295557 |
| 020 ## - INTERNATIONAL STANDARD BOOK NUMBER | |
| International Standard Book Number | 075064933X |
| 035 ## - SYSTEM CONTROL NUMBER | |
| System control number | (OCoLC)ocm44933677 |
| 082 00 - DEWEY DECIMAL CLASSIFICATION NUMBER | |
| Classification number | 621.3815 |
| Item number | Si621 |
| 090 ## - LOCALLY ASSIGNED LC-TYPE CALL NUMBER (OCLC); LOCAL CALL NUMBER (OCLC) | |
| -- | 1903 |
| -- | 1903 |
| 100 ## - MAIN ENTRY--PERSONAL NAME | |
| Personal name | Sinclair, Ian Robertso |
| 245 10 - TITLE STATEMENT | |
| Title | Passive components for circuit design / |
| Statement of responsibility, etc | Ian Sinclair. |
| 260 ## - PUBLICATION, DISTRIBUTION, ETC. (IMPRINT) | |
| Place of publication, distribution, etc | Oxford ; |
| -- | Boston : |
| Name of publisher, distributor, etc | Newnes, |
| Date of publication, distribution, etc | 2001. |
| 300 ## - PHYSICAL DESCRIPTION | |
| Extent | viii, 295 p. : |
| Other physical details | ill. ; |
| Dimensions | 24 cm. |
| 500 ## - GENERAL NOTE | |
| General note | Includes index. |
| 650 #0 - SUBJECT ADDED ENTRY--TOPICAL TERM | |
| Topical term or geographic name as entry element | Electronic circuit design. |
| 856 42 - ELECTRONIC LOCATION AND ACCESS | |
| Materials specified | Publisher description |
| Uniform Resource Identifier | <a href="http://www.loc.gov/catdir/enhancements/fy0627/2005295557-d.html">http://www.loc.gov/catdir/enhancements/fy0627/2005295557-d.html</a> |
| 856 42 - ELECTRONIC LOCATION AND ACCESS | |
| Materials specified | Table of contents only |
| Uniform Resource Identifier | <a href="http://www.loc.gov/catdir/enhancements/fy0627/2005295557-t.html">http://www.loc.gov/catdir/enhancements/fy0627/2005295557-t.html</a> |
| 942 ## - ADDED ENTRY ELEMENTS (KOHA) | |
| Item type | Book - Borrowing |
| Call number prefix | 621.3815 |
| Withdrawn status | Item status | Damaged status | Not for loan | Home library | Current library | Shelving location | Date acquired | Source of acquisition | Total Checkouts | Full call number | Barcode | Date last seen | Cost, replacement price | Koha item type |
|---|---|---|---|---|---|---|---|---|---|---|---|---|---|---|
| Central Library | Central Library | First floor | 04/02/2007 | Purchase | 1 | 621.3815 SIN | 000002369 | 15/07/2025 | 149.60 | Book - Borrowing |